000 01085nam a2200229Ia 4500
003 IN-BaIIA
008 211028s9999 xx 000 0 eng d
020 _a0-7923-0122-6
040 _cIIA Library
080 _a523.942.3(082.2)
_bRUT
111 _aInternational Workshop of the OAC and NATO Advanced Research Workshop on Solar and Stellar Granulation
_cCapri, Italy
_d1988 June 21-25
_916189
245 0 _aSolar and stellar granulation
_bproceedings of third International workshop of the OAC and NATO advanced research workshop on solar and stellar granulation held in Capri, Italy, 21-25, June 1988
_cedited by Robert J. Rutten and Giuseppec Severino
250 _a3rd ed.
260 _aDordrecht
_bKluwer Academic
_c1989
300 _axxv, 661p.
490 _aNATO ASI Series C:Mathematical and physical sciences- v.26
650 _aAstronomy and Astrophysics Thesaurus
650 _aSolar granulation Stellar granulation
_916190
700 _aRutten, Robert J., ed.
_916191
700 _aSeverino, Giuseppe, ed.
_916192
942 _cBK
999 _c9604
_d9604